000 00676nam a22002297a 4500
999 _c14557
_d14557
003 AR-CdUCM
008 190423b ||||| |||| 00| 0 spa d
020 _a978-84-9101-129-3
040 _aMUNICIPALIDAD PROVINCIAL DEL CUSCO
_cBIBLIOTECA MUNICIPAL DEL CUSCO
041 _hspa
082 _aEP / 803 /
_bM26
100 _aMarti, Meritxell
_933370
245 _aLos siete cabritillos y el lobo /
260 _aBarcelona :
_bCombel,
_c2016.
300 _c18.5 cm.
_bEn alto relieve, Ilustrado
650 _aHistoria
_951611
650 _aLobo
_933371
650 _aCabritos
_933372
700 _aSalomó, Xavier
_933373
942 _2ddc
_cLIBROS
945 _arah
_d23/04/2019